000 00684nam a2200229 i 4500
001 C2-0113019
003 PPAK
005 20180727104133.0
008 970706s my |||| ||||| | may d
040 _aPPAK
_beng
_cPPAK
_erda
082 0 4 _a499.2303
_223
090 0 0 _a499.2303
_bMUH
_dKK
100 0 _aMuhammad Alimin,
_eauthor
245 1 0 _aKata-kata serumpun dalam bahasa Melayu
264 1 _aKuala Lumpur :
_bH.M. Shah Enterprise ,
_c[date of publication not identified]
300 _aviii, 121 pages ;
_c17 cm
336 _2rdacontent
_atext
337 _2rdamedia
_aunmediated
338 _2rdacarrier
_avolume
650 1 0 _aMalay language - Dictionaries
942 _ddc
_cB
999 _c28588
_d28588